50 i.e. Cincuenta áreas de interés especial para la conservación en Guatemala /
Gespeichert in:
| Körperschaften: | , |
|---|---|
| Format: | Text |
| Veröffentlicht: |
Arlington, Virginia:
The Nature Conservancy
|
| Tags: |
Tag hinzufügen
Keine Tags, Fügen Sie den ersten Tag hinzu!
|
MARC
| LEADER | 00000 a a2200000 04500 | ||
|---|---|---|---|
| 001 | 23416 | ||
| 003 | |||
| 040 | |||
| 020 | |a 1-886765-05-7 | ||
| 090 | |a 162100 | ||
| 110 | |a Centro de Estudios Conservacionistas del Centro de Datos para la Conservación | ||
| 245 | |a 50 i.e. Cincuenta áreas de interés especial para la conservación en Guatemala / |c Centro de Estudios Conservacionistas del Centro de Datos para la Conservación | ||
| 260 | |a Arlington, Virginia: |b The Nature Conservancy | ||
| 300 | |a 171 p |b **no definido** |b il. |b map. | ||
| 710 | |a TNC | ||
| 999 | |c 3414 |d 3414 | ||



